NBA Players with 30 Rebounds in a Game - Statistics

General Stats
  • This quiz has been taken 76 times
  • The average score is 10 of 17
Answer Stats
Rebounds Team Year Player % Correct
34 Pistons 1992 Dennis Rodman
97%
32 Spurs 1994 Dennis Rodman
97%
32 Pistons 1992 Dennis Rodman
97%
31 Pistons 1992 Dennis Rodman
97%
30 Spurs 1995 Dennis Rodman
97%
31 Nuggets 1996 Dikembe Mutombo
75%
31 Timberwolves 2010 Kevin Love
68%
31 Suns 2024 Jusuf Nurkić
66%
33 Rockets 1996 Charles Barkley
59%
30 Hornets 2018 Dwight Howard
53%
30 Lakers 2012 Andrew Bynum
51%
35 Bulls 1988 Charles Oakley
41%
33 Hawks 1992 Kevin Willis
41%
31 Hawks 1991 Kevin Willis
41%
34 Heat 1993 Rony Seikaly
29%
30 Trailblazers 2021 Enes Freedom
8%
30 Clippers 1998 Michael Cage
5%
No matching quizzes found
Score Distribution
Percent of People with Each Score
Percentile by Number Answered
Your Score History
You have not taken this quiz